[Event "Skakligaen 2024-25"]
[Site "Denmark"]
[Date "2025.03.30"]
[Round "9.2"]
[White "Haubro, Martin"]
[Black "Fries Nielsen, Jens Ove"]
[Result "1-0"]
[WhiteElo "2376"]
[BlackElo "2306"]
[EventDate "2024.11.02"]
[EventType "team-tourn"]
[EventRounds "9"]
[EventCountry "DEN"]
[SourceTitle "Live v. Kasper Jerwiarz"]
[WhiteTeam "BMS"]
[BlackTeam "Fredericia"]
[WhiteTeamCountry "DEN"]
[BlackTeamCountry "DEN"]

1. e4 e6 2. d4 d5 3. Nc3 Nf6 4. e5 Nfd7 5. f4 c5 6. Nf3 Nc6 7. Be3 cxd4 8. Nxd4 Bc5 9. Qd2 Nxd4 10. Bxd4 b6 11. O-O-O a6 12. h4 O-O 13. h5 f6 14. h6 g6 15. exf6 Bxd4 16. Qxd4 Qxf6 17. g3 Qxd4 18. Rxd4 Nf6 19. Bh3 Ne8 20. Rb4 Rb8 21. Re1 Nc7 22. Na4 b5 23. Nc5 Rb6 24. Rb3 Rc6 25. Nd3 a5 26. Ra3 a4 27. Ne5 Rb6 28. Rc3 Na6 29. Nc6 Kf7 30. a3 Kf6 31. Ne5 Ke7 32. Bf1 Bd7 33. Bd3 Be8 34. Rc8 Nb8 35. Rh1 Nd7 36. Nc6+ Kf7 37. Rc7 Kf6 38. Re1 Rf7 39. Nd4 Nf8 40. Rc8 Bd7 41. Ra8 g5 42. Nf3 gxf4 43. Ne5 Bc6 44. Rc8 Bb7 45. Rd8 Ke7 46. Nxf7 fxg3 47. Rxf8 Kxf8 48. Ne5 1-0

[Event "Skakligaen 2024-25"]
[Site "Denmark"]
[Date "2025.03.30"]
[Round "9.3"]
[White "Chatalbashev, Boris"]
[Black "Jacobsen, Mikkel Manosri"]
[Result "1/2-1/2"]
[WhiteElo "2502"]
[BlackElo "2249"]
[EventDate "2024.11.02"]
[EventType "team-tourn"]
[EventRounds "9"]
[EventCountry "DEN"]
[SourceTitle "Live v. Kasper Jerwiarz"]
[WhiteTeam "Fredericia"]
[BlackTeam "BMS"]
[WhiteTeamCountry "DEN"]
[BlackTeamCountry "DEN"]

1. Nf3 d5 2. g3 Nf6 3. Bg2 e6 4. O-O Be7 5. d3 O-O 6. Nbd2 c5 7. e4 Nc6 8. Re1 Qc7 9. exd5 exd5 10. d4 Bg4 11. dxc5 Bxc5 12. Nb3 Bb6 13. Be3 Rfe8 14. Bxb6 Qxb6 15. h3 Ne4 16. Rf1 Bxf3 17. Qxf3 Ne5 18. Qf4 Ng6 19. Qf3 Ne5 20. Qf4 Ng6 21. Qf3 Ne5 1/2-1/2

[Event "Skakligaen 2024-25"]
[Site "Denmark"]
[Date "2025.03.30"]
[Round "9.4"]
[White "Skovgaard, Peter Nicolai"]
[Black "Thorsen, Adrian Stenstrop"]
[Result "1-0"]
[WhiteElo "2327"]
[BlackElo "2204"]
[EventDate "2024.11.02"]
[EventType "team-tourn"]
[EventRounds "9"]
[EventCountry "DEN"]
[SourceTitle "Live v. Kasper Jerwiarz"]
[WhiteTeam "BMS"]
[BlackTeam "Fredericia"]
[WhiteTeamCountry "DEN"]
[BlackTeamCountry "DEN"]

1. e4 e5 2. Nf3 Nc6 3. Bc4 Bc5 4. O-O Nf6 5. d3 O-O 6. Bg5 h6 7. Bh4 Be7 8. Re1 d6 9. c3 Nh7 10. Bg3 Bg4 11. Nbd2 Qd7 12. h3 Bh5 13. Nxe5 Nxe5 14. Qxh5 Nxc4 15. Nxc4 f5 16. exf5 Rae8 17. Ne3 Bg5 18. f4 Bd8 19. Nc4 Nf6 20. Qg6 b5 21. Ne3 c6 22. Ng4 Kh8 23. Rxe8 Rxe8 24. Re1 Rxe1+ 25. Bxe1 Qe7 26. Bh4 Qe2 27. Bxf6 Bxf6 28. Kh2 Qf1 29. Qe8+ Kh7 30. Nxf6+ 1-0

[Event "Skakligaen 2024-25"]
[Site "Denmark"]
[Date "2025.03.30"]
[Round "9.5"]
[White "Light, Bjarne"]
[Black "Liu, Casper Yukun"]
[Result "1-0"]
[WhiteElo "2208"]
[BlackElo "2317"]
[EventDate "2024.11.02"]
[EventType "team-tourn"]
[EventRounds "9"]
[EventCountry "DEN"]
[SourceTitle "Live v. Kasper Jerwiarz"]
[WhiteTeam "Fredericia"]
[BlackTeam "BMS"]
[WhiteTeamCountry "DEN"]
[BlackTeamCountry "DEN"]

1. c4 e5 2. g3 Nc6 3. Bg2 f5 4. Nc3 Nf6 5. d3 Bb4 6. Bd2 O-O 7. Nf3 d6 8. O-O h6 9. a3 Bxc3 10. Bxc3 Qe8 11. e3 e4 12. Nd2 exd3 13. Nf3 Ne5 14. Nxe5 dxe5 15. Qxd3 e4 16. Qd4 Be6 17. b3 b6 18. Rfd1 Qe7 19. Bb2 Rad8 20. Qe5 Kf7 21. g4 g6 22. gxf5 gxf5 23. Qf4 Rg8 24. Kh1 Rg4 25. Qe5 Rdg8 26. Rg1 Rh4 27. f3 Nd7 28. Qxc7 f4 29. Bh3 Rxh3 30. Qxf4+ Ke8 31. Qxe4 Rhg3 32. Rxg3 1-0

[Event "Skakligaen 2024-25"]
[Site "Denmark"]
[Date "2025.03.30"]
[Round "9.6"]
[White "Vesterli, Michael E"]
[Black "Schwarz, Frank"]
[Result "1-0"]
[WhiteElo "2199"]
[BlackElo "2231"]
[EventDate "2024.11.02"]
[EventType "team-tourn"]
[EventRounds "9"]
[EventCountry "DEN"]
[SourceTitle "Live v. Kasper Jerwiarz"]
[WhiteTeam "BMS"]
[BlackTeam "Fredericia"]
[WhiteTeamCountry "DEN"]
[BlackTeamCountry "DEN"]

1. d4 Nf6 2. c4 e6 3. Nf3 d5 4. Nc3 c5 5. cxd5 Nxd5 6. e4 Nxc3 7. bxc3 cxd4 8. cxd4 Bb4+ 9. Bd2 Bxd2+ 10. Qxd2 O-O 11. Bc4 Nd7 12. O-O b6 13. Rad1 Bb7 14. Rfe1 Rc8 15. Bb3 h6 16. h3 Qc7 17. e5 Qc3 18. Qf4 Qb4 19. Re3 b5 20. Nd2 Rc3 21. Rxc3 Qxc3 22. Ne4 Bxe4 23. Qxe4 Rc8 24. Qb7 Nb6 25. Qxa7 Qc6 26. Qa5 Nd5 27. Qd2 Rc7 28. Kh2 Rc8 29. Rb1 Rc7 30. Rb2 Qc3 31. Bxd5 Qxd2 32. Rxd2 exd5 33. Kg3 Rc3+ 34. f3 Kf8 35. Kf2 Ke7 36. Ke2 b4 37. h4 h5 38. Rb2 Rc4 39. Ke3 Ke6 40. g4 g6 41. Rb3 g5 42. hxg5 h4 43. Rb2 h3 44. Rd2 Rc3+ 45. Kf4 Ke7 46. Kg3 h2 47. Rxh2 Rd3 48. Kf4 Rxd4+ 49. Kf5 Rd3 50. f4 Ra3 51. Rd2 Ra5 52. Rd4 Rb5 53. Rd2 Kf8 54. g6 Kg7 55. gxf7 Kxf7 56. Rc2 Rb7 57. e6+ Ke7 58. Ke5 b3 59. axb3 Rxb3 60. f5 Re3+ 61. Kxd5 Kf6 62. Rd2 1-0

[Event "Skakligaen 2024-25"]
[Site "Denmark"]
[Date "2025.03.30"]
[Round "9.7"]
[White "Friis, Carsten Bank"]
[Black "Wahlgreen, Noah Krug"]
[Result "1/2-1/2"]
[WhiteElo "2153"]
[BlackElo "2076"]
[EventDate "2024.11.02"]
[EventType "team-tourn"]
[EventRounds "9"]
[EventCountry "DEN"]
[SourceTitle "Live v. Kasper Jerwiarz"]
[WhiteTeam "Fredericia"]
[BlackTeam "BMS"]
[WhiteTeamCountry "DEN"]
[BlackTeamCountry "DEN"]

1. d4 d5 2. Nf3 Nf6 3. Bf4 c5 4. e3 Nc6 5. c3 Qb6 6. Qc1 Bg4 7. Nbd2 cxd4 8. exd4 e6 9. Qc2 Be7 10. Qb3 Nd7 11. Bd3 O-O 12. O-O Bh5 13. Rfe1 Bg6 14. Bxg6 hxg6 15. Re3 Rfc8 16. Rae1 a5 17. R3e2 Qxb3 18. Nxb3 a4 19. Nc1 a3 20. b4 Na7 21. Bd2 Nb5 22. Re3 Nb6 23. Ne2 Nc4 24. Rd3 Nb2 25. Re3 Nd6 26. Ne5 Ne4 27. Rxe4 dxe4 28. Ng3 Bd6 29. Rxe4 Bxe5 30. dxe5 Nc4 31. Be1 b5 32. Ne2 Rd8 33. Nd4 Rd5 34. f4 Rc8 35. Kf2 g5 36. g3 gxf4 37. gxf4 g5 38. Kf3 Nb2 39. Re3 Kg7 40. Ke4 gxf4 41. Kxf4 Rh8 42. Bg3 Kg6 43. Nc6 Rd2 44. Nd4 Nd1 45. Rf3 Rc8 46. Be1 Rxh2 47. Rg3+ Kh7 48. Nxb5 Rc4+ 49. Kf3 Rxa2 50. Rg1 Ra1 51. Nd6 Rc7 52. Ne8 Rc8 53. Nf6+ Kh8 54. Rh1+ Kg7 55. Rg1+ Kh8 1/2-1/2

[Event "Skakligaen 2024-25"]
[Site "Denmark"]
[Date "2025.03.30"]
[Round "9.8"]
[White "Jalving, August"]
[Black "Motzkus, Mikkel Vinther"]
[Result "1-0"]
[WhiteElo "2174"]
[BlackElo "2090"]
[EventDate "2024.11.02"]
[EventType "team-tourn"]
[EventRounds "9"]
[EventCountry "DEN"]
[SourceTitle "Live v. Kasper Jerwiarz"]
[WhiteTeam "BMS"]
[BlackTeam "Fredericia"]
[WhiteTeamCountry "DEN"]
[BlackTeamCountry "DEN"]

1. e4 e6 2. Qe2 c5 3. Nf3 Nc6 4. g3 d6 5. Bg2 Nf6 6. c3 Be7 7. O-O O-O 8. d4 d5 9. e5 Nd7 10. dxc5 Bxc5 11. Nbd2 Qc7 12. Nb3 Be7 13. Bf4 a6 14. a4 Qb6 15. Nfd2 Qc7 16. Nf3 b6 17. Nbd4 Bb7 18. Bh3 Nxd4 19. Nxd4 Rfc8 20. Rfe1 Nf8 21. Bd2 Qc4 22. Qd1 Qc7 23. f4 Bc5 24. Be3 Re8 25. Rc1 Ng6 26. Bf1 Ne7 27. b4 Bxd4 28. Qxd4 Nc8 29. c4 dxc4 30. Rxc4 Qd8 31. Qxd8 Rxd8 32. Rc7 Be4 33. Rec1 a5 34. b5 Kf8 35. Bg2 Bxg2 36. Kxg2 Ne7 37. Bxb6 Rd2+ 38. Kh3 Nd5 39. Ra7 Rxa7 40. Bxa7 Rb2 41. Rc8+ Ke7 42. Bc5+ Kd7 43. Rf8 f5 44. exf6 gxf6 45. Rf7+ Kc8 46. Rxh7 Rc2 47. Ba7 Rb2 48. Kg4 Rb4 49. b6 Nc3 50. Rc7+ 1-0

[Event "Skakligaen 2024-25"]
[Site "Denmark"]
[Date "2025.03.30"]
[Round "9.1"]
[White "Sloth, Jorn"]
[Black "Hillarp Persson, Tiger"]
[Result "1/2-1/2"]
[WhiteElo "2271"]
[BlackElo "2458"]
[EventDate "2024.11.02"]
[EventType "team-tourn"]
[EventRounds "9"]
[EventCountry "DEN"]
[SourceTitle "Live v. Kasper Jerwiarz"]
[WhiteTeam "Nordre"]
[BlackTeam "Bronshoj"]
[WhiteTeamCountry "DEN"]
[BlackTeamCountry "DEN"]

1. d4 e6 2. Nf3 f5 3. Bg5 Be7 4. Bxe7 Qxe7 5. Nbd2 Nf6 6. c3 b6 7. e3 Bb7 8. Bd3 O-O 9. O-O c5 10. Re1 Ne4 11. Qc2 Nxd2 12. Nxd2 Qg5 13. Bf1 cxd4 14. exd4 Rf6 15. Re3 Nc6 16. Rg3 Qf4 17. Nf3 Rc8 18. Qe2 Rc7 19. Rd1 Ne7 20. Ne5 Ng6 21. Nxg6 Rxg6 22. Rxg6 hxg6 23. Qe5 g5 24. c4 Qxe5 25. dxe5 Kf7 26. b4 g4 27. Rd4 Ke7 28. Be2 a5 29. a3 axb4 30. axb4 Ba8 31. f3 gxf3 32. gxf3 g5 33. h4 gxh4 34. Rxh4 Ra7 35. Kf2 Kd8 36. Rd4 Kc7 37. b5 Ra3 38. Bd3 Bb7 39. Ke3 Ra1 40. Be2 Rh1 41. Kf2 f4 42. Rxf4 Rh5 43. Rf8 Rxe5 44. f4 Rc5 45. Ke3 Bg2 46. Kd4 Kd6 47. Rb8 Kc7 48. Rf8 Kd6 49. Rb8 Kc7 1/2-1/2

[Event "Skakligaen 2024-25"]
[Site "Denmark"]
[Date "2025.03.30"]
[Round "9.2"]
[White "Vasli, Aref"]
[Black "Andersen, Thomas Klitgaard"]
[Result "1-0"]
[WhiteElo "2392"]
[BlackElo "2197"]
[EventDate "2024.11.02"]
[EventType "team-tourn"]
[EventRounds "9"]
[EventCountry "DEN"]
[SourceTitle "Live v. Kasper Jerwiarz"]
[WhiteTeam "Bronshoj"]
[BlackTeam "Nordre"]
[WhiteTeamCountry "DEN"]
[BlackTeamCountry "DEN"]

1. e4 e6 2. d4 d5 3. Nc3 Bb4 4. a3 Bxc3+ 5. bxc3 dxe4 6. Qg4 Nf6 7. Qxg7 Rg8 8. Qh6 c5 9. Ne2 Nbd7 10. a4 Qc7 11. Qd2 b6 12. a5 Bb7 13. dxc5 Nxc5 14. axb6 axb6 15. Rxa8+ Bxa8 16. Nd4 Ke7 17. Nb5 Qe5 18. Qd4 Nfd7 19. Be3 Bc6 20. Qb4 Ra8 21. Nd4 Ra1+ 22. Kd2 Qd6 23. Qb2 Ra8 24. Kc1 Bd5 25. Nb5 Qe5 26. Be2 Ra2 27. Qb1 Qb8 28. Rd1 Qa8 29. Kd2 Qa4 30. c4 Bxc4 31. Nc3 Nb3+ 32. Ke1 Qa5 33. Qxa2 Qxc3+ 34. Kf1 Bxe2+ 35. Kxe2 Qc4+ 36. Ke1 Qc3+ 37. Kf1 Qc4+ 38. Kg1 Qe2 39. Rb1 Nbc5 40. h3 f5 41. Qa7 Qxc2 42. Rxb6 Qc4 43. Rc6 1-0

[Event "Skakligaen 2024-25"]
[Site "Denmark"]
[Date "2025.03.30"]
[Round "9.3"]
[White "Abildlund, Jens"]
[Black "Ahlander, Bjorn"]
[Result "0-1"]
[WhiteElo "2196"]
[BlackElo "2386"]
[EventDate "2024.11.02"]
[EventType "team-tourn"]
[EventRounds "9"]
[EventCountry "DEN"]
[SourceTitle "Live v. Kasper Jerwiarz"]
[WhiteTeam "Nordre"]
[BlackTeam "Bronshoj"]
[WhiteTeamCountry "DEN"]
[BlackTeamCountry "DEN"]

1. d4 Nf6 2. Nf3 d5 3. Bf4 c5 4. e3 Nc6 5. c3 e6 6. Nbd2 Nh5 7. Bg3 Be7 8. Bd3 Nxg3 9. hxg3 h6 10. Qe2 c4 11. Bc2 b5 12. a3 a5 13. e4 Rb8 14. O-O O-O 15. Rfe1 Bd7 16. Ne5 Nxe5 17. dxe5 Qc7 18. exd5 exd5 19. Nf3 Bc5 20. Rad1 Be6 21. Nd4 b4 22. axb4 axb4 23. f4 Qd7 24. Kh2 Bg4 25. Nf3 Rb5 26. Ba4 Qf5 27. Rd4 Ra5 28. Bc2 Qh5+ 29. Kg1 Rfa8 30. Red1 bxc3 31. bxc3 Ra2 32. R1d2 Ra1+ 33. Kf2 R8a3 34. Qe3 Qh1 35. Bd1 Rc1 36. e6 fxe6 0-1

[Event "Skakligaen 2024-25"]
[Site "Denmark"]
[Date "2025.03.30"]
[Round "9.4"]
[White "Falkesgaard, Jeppe Hald"]
[Black "Hoiberg, Nina"]
[Result "1/2-1/2"]
[WhiteElo "2287"]
[BlackElo "2073"]
[EventDate "2024.11.02"]
[EventType "team-tourn"]
[EventRounds "9"]
[EventCountry "DEN"]
[SourceTitle "Live v. Kasper Jerwiarz"]
[WhiteTeam "Bronshoj"]
[BlackTeam "Nordre"]
[WhiteTeamCountry "DEN"]
[BlackTeamCountry "DEN"]

1. d4 d5 2. c4 e6 3. Nc3 c5 4. cxd5 cxd4 5. Qxd4 Nc6 6. Qd1 exd5 7. Qxd5 Bd7 8. Nf3 Nf6 9. Qd1 Bc5 10. e3 Qe7 11. a3 O-O 12. Qc2 Rac8 13. Be2 Ne5 14. O-O Nfg4 15. h3 Nxf3+ 16. Bxf3 Ne5 17. Be4 Qh4 18. Bf5 Rc6 19. Bxd7 Nxd7 20. Qf5 Nf6 21. Rd1 g6 22. Qf3 Re8 23. b4 Bf8 24. Bb2 Bg7 25. Nd5 Nxd5 26. Bxg7 Nxe3 27. Rd7 Nf5 28. Rxb7 Rc4 29. Bb2 Rf4 30. Qe2 Nd6 31. g3 Rxe2 32. Rb8+ Ne8 33. gxh4 Rxb2 34. Rxe8+ Kg7 35. Re7 Rfxf2 36. Rxa7 Rg2+ 1/2-1/2

[Event "Skakligaen 2024-25"]
[Site "Denmark"]
[Date "2025.03.30"]
[Round "9.5"]
[White "Hedevang, Benjamin"]
[Black "Aabling Thomsen, Jakob"]
[Result "0-1"]
[WhiteElo "2046"]
[BlackElo "2335"]
[EventDate "2024.11.02"]
[EventType "team-tourn"]
[EventRounds "9"]
[EventCountry "DEN"]
[SourceTitle "Live v. Kasper Jerwiarz"]
[WhiteTeam "Nordre"]
[BlackTeam "Bronshoj"]
[WhiteTeamCountry "DEN"]
[BlackTeamCountry "DEN"]

1. e4 d6 2. d4 Nf6 3. Nc3 g6 4. f3 a6 5. Be3 b5 6. Qd2 Nbd7 7. Nge2 Bb7 8. g4 Nb6 9. Ng3 h5 10. gxh5 Nxh5 11. Nxh5 Rxh5 12. b3 Bg7 13. Ne2 c5 14. c3 Qc7 15. Rc1 e5 16. Ng3 Rh7 17. dxc5 dxc5 18. Rd1 Bf8 19. Qf2 Be7 20. Be2 Nd7 21. O-O Nf8 22. f4 exf4 23. Bxf4 Qb6 24. Be3 Ne6 25. Bf3 Qc7 26. Rd2 Rd8 27. Rxd8+ Nxd8 28. Bg4 Qe5 29. Qd2 Ne6 30. Bf4 Nxf4 31. Qd7+ Kf8 32. Qxb7 c4 33. bxc4 Bc5+ 34. Kh1 bxc4 35. Qxa6 Rh4 36. Qb7 Qg5 37. Qc8+ Kg7 38. Rxf4 Qxf4 39. Qxc5 Qxg3 0-1

[Event "Skakligaen 2024-25"]
[Site "Denmark"]
[Date "2025.03.30"]
[Round "9.6"]
[White "Bromann, Thorbjorn"]
[Black "Rewitz, Jan"]
[Result "1-0"]
[WhiteElo "2354"]
[BlackElo "2048"]
[EventDate "2024.11.02"]
[EventType "team-tourn"]
[EventRounds "9"]
[EventCountry "DEN"]
[SourceTitle "Live v. Kasper Jerwiarz"]
[WhiteTeam "Bronshoj"]
[BlackTeam "Nordre"]
[WhiteTeamCountry "DEN"]
[BlackTeamCountry "DEN"]

1. d4 Nf6 2. Nc3 d5 3. Bg5 Nbd7 4. Qd3 g6 5. f3 Bg7 6. e4 dxe4 7. fxe4 c6 8. Nf3 O-O 9. Qd2 b5 10. Bd3 b4 11. Ne2 Qb6 12. e5 Nd5 13. Bh6 c5 14. h4 cxd4 15. Bxg7 Kxg7 16. h5 f5 17. hxg6 hxg6 18. Qh6+ Kf7 19. e6+ Kxe6 20. Qxg6+ Rf6 21. Bxf5+ Kd6 22. Qg3+ Kc5 23. Nfxd4 Qd6 24. Qd3 Ba6 25. Nb3+ Kb6 26. Qd4+ Nc5 27. Bd3 e5 28. Qxc5+ Qxc5 29. Nxc5 Kxc5 30. Bxa6 Rxa6 31. Nc1 Ne3 32. Nd3+ Kd4 33. Nxb4 Rg6 34. c3+ Kc5 35. Nd3+ Kc4 36. Nxe5+ 1-0

[Event "Skakligaen 2024-25"]
[Site "Denmark"]
[Date "2025.03.30"]
[Round "9.7"]
[White "Holm, Filip Martin Kierulf Hou"]
[Black "Hoi, Carsten"]
[Result "0-1"]
[WhiteElo "2004"]
[BlackElo "2291"]
[EventDate "2024.11.02"]
[EventType "team-tourn"]
[EventRounds "9"]
[EventCountry "DEN"]
[SourceTitle "Live v. Kasper Jerwiarz"]
[WhiteTeam "Nordre"]
[BlackTeam "Bronshoj"]
[WhiteTeamCountry "DEN"]
[BlackTeamCountry "DEN"]

1. e4 g6 2. d4 Bg7 3. Nc3 d6 4. Be3 Nc6 5. Nf3 Bg4 6. Be2 Nf6 7. Qd2 O-O 8. O-O-O e5 9. d5 Ne7 10. h3 Bd7 11. g4 a6 12. Bh6 b5 13. Bxg7 Kxg7 14. Nh2 b4 15. g5 Nfg8 16. Nb1 f5 17. f4 fxe4 18. fxe5 Nf5 19. e6 Bb5 20. c4 Be8 21. h4 h5 22. Qf4 Nge7 23. Nf1 c6 24. Qxe4 cxd5 25. cxd5 Rc8+ 26. Bc4 Qa5 27. a3 Bb5 28. Nfd2 Bxc4 29. Nxc4 Rxc4+ 30. Qxc4 Rc8 31. Qxc8 Nxc8 32. axb4 Qxb4 33. Nc3 Nb6 34. Rde1 Nc4 35. Rh2 Ne5 36. Re4 Qb6 37. Rc2 Qg1+ 38. Nd1 Nd3+ 39. Kd2 Nc5 40. Rec4 Qg2+ 41. Kc1 Qxd5 42. b4 Nxe6 0-1

[Event "Skakligaen 2024-25"]
[Site "Denmark"]
[Date "2025.03.30"]
[Round "9.8"]
[White "Palm, Nikolaj"]
[Black "Clausen, Martin Koch"]
[Result "1-0"]
[WhiteElo "2283"]
[BlackElo "2012"]
[EventDate "2024.11.02"]
[EventType "team-tourn"]
[EventRounds "9"]
[EventCountry "DEN"]
[SourceTitle "Live v. Kasper Jerwiarz"]
[WhiteTeam "Bronshoj"]
[BlackTeam "Nordre"]
[WhiteTeamCountry "DEN"]
[BlackTeamCountry "DEN"]

1. d4 d5 2. c4 c6 3. cxd5 cxd5 4. Nf3 Nf6 5. Nc3 g6 6. Bf4 Bg7 7. e3 O-O 8. h3 a6 9. Bd3 Bf5 10. Bxf5 gxf5 11. g4 Qd7 12. Ne5 Qe6 13. Qd3 Nbd7 14. gxf5 Qb6 15. Nxd7 Nxd7 16. Nxd5 Qa5+ 17. Nc3 Rac8 18. O-O Rfd8 19. Kh2 b5 20. Nd5 Re8 21. b4 Qd8 22. Rac1 Kh8 23. Bc7 Rxc7 24. Nxc7 Rg8 25. Rg1 Ne5 26. Qe2 Nc4 27. Rxc4 bxc4 28. Qxc4 Qd6+ 29. f4 a5 30. Qc5 Qh6 31. Qxe7 Qh5 32. Qg5 Qe2+ 33. Rg2 Qxe3 34. f6 Qxd4 35. fxg7+ Rxg7 36. Qxg7+ Qxg7 37. Rxg7 Kxg7 38. bxa5 1-0

[Event "Skakligaen 2024-25"]
[Site "Denmark"]
[Date "2025.03.30"]
[Round "9.1"]
[White "Nielsen, Viktor Haarmark"]
[Black "Hector, Jonny"]
[Result "1-0"]
[WhiteElo "2350"]
[BlackElo "2418"]
[EventDate "2024.11.02"]
[EventType "team-tourn"]
[EventRounds "9"]
[EventCountry "DEN"]
[SourceTitle "Live v. Kasper Jerwiarz"]
[WhiteTeam "Obro"]
[BlackTeam "Nordkalotten"]
[WhiteTeamCountry "DEN"]
[BlackTeamCountry "DEN"]

1. d4 d5 2. c4 c6 3. Nf3 Nf6 4. e3 Bf5 5. Nc3 e6 6. Nh4 Be4 7. f3 Bg6 8. Qb3 Qb6 9. Nxg6 hxg6 10. cxd5 exd5 11. Qxb6 axb6 12. e4 dxe4 13. fxe4 Bb4 14. Bd3 Na6 15. e5 Ng4 16. h3 Rd8 17. Rf1 Nh6 18. Be3 Nc7 19. O-O-O b5 20. Bc2 Rd7 21. Rf3 Bxc3 22. bxc3 Nd5 23. e6 fxe6 24. Bxg6+ Kd8 25. Re1 Kc7 26. Bf2 Ra8 27. Kb2 Kd6 28. g4 Rdd8 29. Bg3+ Kd7 30. g5 Ng8 31. Bf7 Nc7 32. Bxg8 1-0

[Event "Skakligaen 2024-25"]
[Site "Denmark"]
[Date "2025.03.30"]
[Round "9.2"]
[White "Jepson, Christian"]
[Black "Hansen, Soren Bech"]
[Result "1/2-1/2"]
[WhiteElo "2401"]
[BlackElo "2263"]
[EventDate "2024.11.02"]
[EventType "team-tourn"]
[EventRounds "9"]
[EventCountry "DEN"]
[SourceTitle "Live v. Kasper Jerwiarz"]
[WhiteTeam "Nordkalotten"]
[BlackTeam "Obro"]
[WhiteTeamCountry "DEN"]
[BlackTeamCountry "DEN"]

1. Nf3 d5 2. d4 e6 3. c4 a6 4. g3 dxc4 5. Bg2 Nc6 6. O-O Rb8 7. e4 Nf6 8. Nc3 Be7 9. d5 Nb4 10. Ne5 exd5 11. exd5 Bf5 12. a3 Nd3 13. Nxc4 Nxc1 14. Rxc1 O-O 15. Qd4 Bd6 16. Nxd6 Qxd6 17. Nd1 Rbe8 18. Ne3 Bc8 19. Qc5 Qxc5 20. Rxc5 Re7 21. Rfc1 Ne8 22. R5c2 f6 23. d6 Nxd6 24. Nd5 Rd7 25. Rxc7 Re8 26. Ne3 Rxc7 27. Rxc7 Kf8 28. h4 Re7 29. Rc2 Be6 30. Rd2 Rd7 31. Kf1 Ke7 32. Bd5 Nc4 33. Nxc4 Rxd5 34. Rxd5 Bxd5 35. Ne3 Ke6 36. Ke2 Be4 37. f3 Bc6 38. f4 Be4 39. Kd2 h6 40. Kc3 g5 41. hxg5 fxg5 42. Kd4 gxf4 43. Kxe4 fxe3 44. Kxe3 Kf5 45. Kf3 h5 46. Ke3 Kg4 47. Kf2 Kg5 1/2-1/2

[Event "Skakligaen 2024-25"]
[Site "Denmark"]
[Date "2025.03.30"]
[Round "9.3"]
[White "Rasmussen, Casper Dahl"]
[Black "Brynell, Stellan"]
[Result "1/2-1/2"]
[WhiteElo "2246"]
[BlackElo "2388"]
[EventDate "2024.11.02"]
[EventType "team-tourn"]
[EventRounds "9"]
[EventCountry "DEN"]
[SourceTitle "Live v. Kasper Jerwiarz"]
[WhiteTeam "Obro"]
[BlackTeam "Nordkalotten"]
[WhiteTeamCountry "DEN"]
[BlackTeamCountry "DEN"]

1. c4 Nf6 2. Nc3 e5 3. g3 Bb4 4. e4 O-O 5. Nge2 d6 6. Bg2 a6 7. O-O Bc5 8. h3 Nc6 9. d3 Nd4 10. Rb1 c6 11. b4 Ba7 12. Nxd4 Bxd4 13. Ne2 Ba7 14. Bb2 Re8 15. Kh2 a5 16. a3 axb4 17. axb4 b5 18. cxb5 cxb5 19. f4 Bb7 20. Qb3 Qe7 21. Nc3 Bc6 22. Rbc1 Rac8 23. Nd5 Bxd5 24. exd5 Rxc1 25. Bxc1 Bd4 26. Qc2 Qd7 27. Bb2 Rc8 28. Qe2 Bxb2 29. Qxb2 exf4 30. Rxf4 Qe7 31. Rf2 Qe3 32. Qe2 Qxe2 33. Rxe2 h5 34. Ra2 Kf8 35. Ra5 Rb8 36. Ra7 g5 37. Kg1 h4 38. gxh4 gxh4 39. Bf3 Rc8 40. Rb7 Rc3 41. Rxb5 Rxd3 42. Kf2 Kg7 43. Ke2 Rb3 44. Rb6 Nd7 45. Rxd6 Ne5 46. Bg4 Rb2+ 47. Kf1 Rxb4 48. Bc8 Rc4 49. Rd8 Kf6 50. d6 Rd4 51. d7 Nxd7 52. Rxd7 Rxd7 53. Bxd7 Kg7 54. Kf2 Kh8 55. Kf3 f5 56. Kf4 Kg7 57. Kxf5 Kh8 58. Be6 Kg7 59. Kg5 Kh8 60. Kh6 1/2-1/2

[Event "Skakligaen 2024-25"]
[Site "Denmark"]
[Date "2025.03.30"]
[Round "9.4"]
[White "Sylvan, Jacob"]
[Black "Skonnord, Uno"]
[Result "1-0"]
[WhiteElo "2322"]
[BlackElo "2151"]
[EventDate "2024.11.02"]
[EventType "team-tourn"]
[EventRounds "9"]
[EventCountry "DEN"]
[SourceTitle "Live v. Kasper Jerwiarz"]
[WhiteTeam "Nordkalotten"]
[BlackTeam "Obro"]
[WhiteTeamCountry "DEN"]
[BlackTeamCountry "DEN"]

1. e4 e5 2. Nc3 Nc6 3. Nf3 Nf6 4. d4 exd4 5. Nxd4 d5 6. Bb5 Bd7 7. exd5 Nxd4 8. Bxd7+ Qxd7 9. Qxd4 Be7 10. O-O O-O 11. Bf4 a6 12. Rad1 Nh5 13. Bxc7 Qxc7 14. d6 Qd8 15. dxe7 Qxe7 16. Rfe1 Qc7 17. Nd5 Qa5 18. Re5 1-0

[Event "Skakligaen 2024-25"]
[Site "Denmark"]
[Date "2025.03.30"]
[Round "9.5"]
[White "Christensen, Stefan"]
[Black "Kristensen, Kaare Hove"]
[Result "0-1"]
[WhiteElo "2181"]
[BlackElo "2275"]
[EventDate "2024.11.02"]
[EventType "team-tourn"]
[EventRounds "9"]
[EventCountry "DEN"]
[SourceTitle "Live v. Kasper Jerwiarz"]
[WhiteTeam "Obro"]
[BlackTeam "Nordkalotten"]
[WhiteTeamCountry "DEN"]
[BlackTeamCountry "DEN"]

1. d4 Nf6 2. Bf4 b6 3. e3 Bb7 4. Nf3 Nh5 5. Bg3 Nxg3 6. hxg3 g6 7. Bd3 Bg7 8. Nbd2 d6 9. c3 Nd7 10. a4 a5 11. Qe2 e5 12. e4 exd4 13. cxd4 Qe7 14. Rc1 c5 15. Bb5 O-O 16. O-O d5 17. Rfe1 dxe4 18. Nxe4 cxd4 19. Rc7 Qxe4 20. Qd2 Qf5 21. Bxd7 Qd5 22. Bb5 Ba6 23. Bxa6 Rxa6 24. Ree7 b5 25. Qd3 Rb6 26. Red7 Qa2 27. Ng5 Qxb2 28. axb5 Qxb5 29. Qxb5 Rxb5 30. Nxf7 d3 31. Ng5 Be5 32. Ra7 d2 33. Rxd2 Bb8 34. Re7 Rxg5 35. Rdd7 Rh5 36. g4 Rh6 37. g5 Rh5 38. g3 a4 39. f4 a3 40. Re3 Bxf4 41. gxf4 Rxf4 42. Rxa3 Rxg5+ 43. Kh2 Rh4+ 44. Rh3 Rxh3+ 45. Kxh3 Rf5 46. Kg4 Rf7 47. Rd6 Kg7 48. Rc6 Ra7 49. Kg5 h6+ 50. Kg4 Ra4+ 51. Kg3 h5 52. Rc7+ Kh6 53. Rc6 h4+ 54. Kf3 Kh5 55. Rc8 Ra3+ 56. Kf4 g5+ 57. Kf5 Rf3+ 58. Ke4 Rf7 0-1

[Event "Skakligaen 2024-25"]
[Site "Denmark"]
[Date "2025.03.30"]
[Round "9.6"]
[White "Hove, Esben Kjems"]
[Black "Jorgensen, Brian Jorgen"]
[Result "1/2-1/2"]
[WhiteElo "2291"]
[BlackElo "2180"]
[EventDate "2024.11.02"]
[EventType "team-tourn"]
[EventRounds "9"]
[EventCountry "DEN"]
[SourceTitle "Live v. Kasper Jerwiarz"]
[WhiteTeam "Nordkalotten"]
[BlackTeam "Obro"]
[WhiteTeamCountry "DEN"]
[BlackTeamCountry "DEN"]

1. d4 Nf6 2. Nf3 g6 3. e3 Bg7 4. c4 O-O 5. b3 b6 6. Be2 Bb7 7. O-O d6 8. Bb2 e6 9. Nc3 Nbd7 10. Qc2 Qe7 11. Rfd1 c6 12. Rac1 Rad8 13. b4 Ng4 14. h3 Nh6 15. b5 c5 16. d5 e5 17. a4 f5 18. a5 e4 19. Nd2 Ne5 20. axb6 axb6 21. Na4 Qc7 22. f3 exf3 23. Nxf3 Nhf7 24. Ra1 Rde8 25. Ra3 Bh6 26. Bc1 Re7 27. Nh2 Bc8 28. Nb2 Rfe8 29. Nf1 Ng5 30. Nd3 Ne4 31. Nxe5 dxe5 32. Bb2 Nd6 33. Rda1 Bb7 34. Qd1 Qd8 35. Qe1 Rf7 36. Ra7 Nc8 37. R7a4 Nd6 38. Ra7 Nc8 39. R7a4 Nd6 40. Ra7 1/2-1/2